Dynamics Reported : a Series in Dynamical Systems and Their Applications
Αποθηκεύτηκε σε:
| Άλλοι συγγραφείς: | , |
|---|---|
| Μορφή: | Βιβλίο |
| Γλώσσα: | English |
| Δημοσίευση: |
Stuttgart ; Chichester :
B.G. Teubner : John Wiley,
c1989, c1988.
|
| Θέματα: | |
| Ετικέτες: |
Προσθήκη ετικέτας
Δεν υπάρχουν, Καταχωρήστε ετικέτα πρώτοι!
|
MARC
| LEADER | 00000cam a2200000 i 4500 | ||
|---|---|---|---|
| 001 | 1/35878 | ||
| 008 | 941103s19881989gw | ||| |||| ||eng|| | ||
| 020 | |a 351902151X | ||
| 020 | |a 3519021501 | ||
| 020 | |a 0471919586 | ||
| 020 | |a 0471916617 | ||
| 035 | |a 1993 |c ΣΕΙΜΕΝΗΣ |l 10040092 | ||
| 040 | |a GR-MyUA |b gre |e AACR2 | ||
| 041 | 0 | |a eng | |
| 082 | 0 | |a 515.352 | |
| 245 | 1 | 0 | |a Dynamics Reported : |b a Series in Dynamical Systems and Their Applications / |c U. Kirchgraber and H.O. Walther Managing Editors. |
| 260 | |a Stuttgart ; |a Chichester : |b B.G. Teubner : |b John Wiley, |c c1989, c1988. | ||
| 300 | |a 2 τ. ; |c 24 εκ. | ||
| 504 | |a Περιέχει βιβλιογραφικές αναφορές και ευρετήριο. | ||
| 650 | 0 | 0 | |a Differentiable dynamical systems. |
| 700 | 1 | |a Kirchgraber, Urs |d 1945- |e edt | |
| 700 | 1 | |a Walther, Hans-Otto, |e edt | |
| 852 | |a INST |b SAMOS |e 19941103 |h 515.352 DYN |p 005300003806 |q 005300003806 |t BK |y 0 |z v.2 | ||
| 852 | |a INST |b SAMOS |e 19941103 |h 515.352 DYN |p 005300003807 |q 005300003807 |t BK |y 0 |z v.1 | ||
| 852 | |a INST |b SAMOS |e 19941103 |h 515.352 DYN |p 005300003806 |q 005300003806 |t BK |v v.2: |y 0 |z v.2 | ||
| 852 | |a INST |b SAMOS |e 19941103 |h 515.352 DYN |p 005300003807 |q 005300003807 |t BK |v v.1: |y 0 |z v.1 | ||
| 853 | |a INST |b SAMOS |h 515.352 DYN | ||
| 909 | |a Σ |b 025260 | ||
| 909 | |a Σ |b 025261 | ||